<?xml version="1.0" encoding="UTF-8"?>
<record
    xmlns:xsi="http://www.w3.org/2001/XMLSchema-instance"
    xsi:schemaLocation="http://www.loc.gov/MARC21/slim http://www.loc.gov/standards/marcxml/schema/MARC21slim.xsd"
    xmlns="http://www.loc.gov/MARC21/slim">

  <leader>00650nam a2200157   4500</leader>
  <controlfield tag="003">LRUA</controlfield>
  <controlfield tag="005">20210927140728.0</controlfield>
  <controlfield tag="008">210927b        xxu||||| |||| 00| 0 eng d</controlfield>
  <datafield tag="040" ind1=" " ind2=" ">
    <subfield code="c">RUA</subfield>
  </datafield>
  <datafield tag="082" ind1=" " ind2=" ">
    <subfield code="2">AGM OEM 2014 B690 Or.</subfield>
  </datafield>
  <datafield tag="100" ind1=" " ind2=" ">
    <subfield code="9">14683</subfield>
    <subfield code="a">OEM SAMNANG,&#x17A2;&#x17CA;&#x17B9;&#x1798;&#x200B; &#x179F;&#x17C6;&#x178E;&#x17B6;&#x1784;</subfield>
  </datafield>
  <datafield tag="245" ind1=" " ind2=" ">
    <subfield code="a">THE UTILIZATION POWER TILIER OF THE FARMERS IN TRANG DISTRICT,TAKEO PROVINCE.&#x1780;&#x17B6;&#x179A;&#x1794;&#x17D2;&#x179A;&#x17BE;&#x1794;&#x17D2;&#x179A;&#x17B6;&#x179F;&#x17CB;&#x1782;&#x17C4;&#x1799;&#x1793;&#x17D2;&#x178F;&#x179A;&#x1794;&#x179F;&#x17CB;&#x1780;&#x179F;&#x17B7;&#x1780;&#x179A;&#x200B;&#x1793;&#x17C5;&#x1780;&#x17D2;&#x1793;&#x17BB;&#x1784;&#x179F;&#x17D2;&#x179A;&#x17BB;&#x1780;&#x1791;&#x17D2;&#x179A;&#x17B6;&#x17C6;&#x1784;&#x200B;&#x1781;&#x17C1;&#x178F;&#x17D2;&#x178F;&#x178F;&#x17B6;&#x1780;&#x17C2;&#x179C;</subfield>
  </datafield>
  <datafield tag="260" ind1=" " ind2=" ">
    <subfield code="a">Phnomm penh </subfield>
    <subfield code="b">RUA</subfield>
    <subfield code="c">2014</subfield>
  </datafield>
  <datafield tag="300" ind1=" " ind2=" ">
    <subfield code="a">xi,42p,</subfield>
    <subfield code="b">ill,</subfield>
    <subfield code="c">29cm,.</subfield>
  </datafield>
  <datafield tag="942" ind1=" " ind2=" ">
    <subfield code="c">AGE</subfield>
    <subfield code="2">ddc</subfield>
  </datafield>
  <datafield tag="999" ind1=" " ind2=" ">
    <subfield code="c">19739</subfield>
    <subfield code="d">19739</subfield>
  </datafield>
  <datafield tag="952" ind1=" " ind2=" ">
    <subfield code="0">0</subfield>
    <subfield code="1">0</subfield>
    <subfield code="2">ddc</subfield>
    <subfield code="4">0</subfield>
    <subfield code="6">AGM_OEM_2014_000000000000000_B670_OR</subfield>
    <subfield code="7">0</subfield>
    <subfield code="9">86859</subfield>
    <subfield code="a">LBB</subfield>
    <subfield code="b">LBB</subfield>
    <subfield code="c">B670</subfield>
    <subfield code="d">2021-09-27</subfield>
    <subfield code="o">AGM OEM 2014 B670 Or.</subfield>
    <subfield code="p">A066897</subfield>
    <subfield code="r">2021-09-27</subfield>
    <subfield code="w">2021-09-27</subfield>
    <subfield code="y">AGE</subfield>
  </datafield>
  <datafield tag="952" ind1=" " ind2=" ">
    <subfield code="0">0</subfield>
    <subfield code="1">0</subfield>
    <subfield code="2">ddc</subfield>
    <subfield code="4">0</subfield>
    <subfield code="6">AGM_OEM_2014_000000000000000_B670_OR</subfield>
    <subfield code="7">0</subfield>
    <subfield code="9">86860</subfield>
    <subfield code="a">LBB</subfield>
    <subfield code="b">LBB</subfield>
    <subfield code="c">B670</subfield>
    <subfield code="d">2021-09-27</subfield>
    <subfield code="o">AGM OEM 2014 B670 Or.</subfield>
    <subfield code="p">A065959</subfield>
    <subfield code="r">2021-09-27</subfield>
    <subfield code="w">2021-09-27</subfield>
    <subfield code="y">AGE</subfield>
  </datafield>
  <datafield tag="952" ind1=" " ind2=" ">
    <subfield code="0">0</subfield>
    <subfield code="1">0</subfield>
    <subfield code="2">ddc</subfield>
    <subfield code="4">0</subfield>
    <subfield code="6">AGM_OEM_2014_000000000000000_B670_OR</subfield>
    <subfield code="7">0</subfield>
    <subfield code="9">86861</subfield>
    <subfield code="a">LBB</subfield>
    <subfield code="b">LBB</subfield>
    <subfield code="c">B670</subfield>
    <subfield code="d">2021-09-27</subfield>
    <subfield code="o">AGM OEM 2014 B670 Or.</subfield>
    <subfield code="p">A065555</subfield>
    <subfield code="r">2021-09-27</subfield>
    <subfield code="w">2021-09-27</subfield>
    <subfield code="y">AGE</subfield>
  </datafield>
  <datafield tag="952" ind1=" " ind2=" ">
    <subfield code="0">0</subfield>
    <subfield code="1">0</subfield>
    <subfield code="2">ddc</subfield>
    <subfield code="4">0</subfield>
    <subfield code="6">AGM_OEM_2014_000000000000000_B670_OR</subfield>
    <subfield code="7">0</subfield>
    <subfield code="9">86862</subfield>
    <subfield code="a">LBB</subfield>
    <subfield code="b">LBB</subfield>
    <subfield code="c">B670</subfield>
    <subfield code="d">2021-09-27</subfield>
    <subfield code="o">AGM OEM 2014 B670 Or.</subfield>
    <subfield code="p">A065831</subfield>
    <subfield code="r">2021-09-27</subfield>
    <subfield code="w">2021-09-27</subfield>
    <subfield code="y">AGE</subfield>
  </datafield>
  <datafield tag="952" ind1=" " ind2=" ">
    <subfield code="0">0</subfield>
    <subfield code="1">0</subfield>
    <subfield code="2">ddc</subfield>
    <subfield code="4">0</subfield>
    <subfield code="6">AGM_OEM_2014_000000000000000_B670_OR</subfield>
    <subfield code="7">0</subfield>
    <subfield code="9">86863</subfield>
    <subfield code="a">LBB</subfield>
    <subfield code="b">LBB</subfield>
    <subfield code="c">B670</subfield>
    <subfield code="d">2021-09-27</subfield>
    <subfield code="o">AGM OEM 2014 B670 Or.</subfield>
    <subfield code="p">A066837</subfield>
    <subfield code="r">2021-09-27</subfield>
    <subfield code="w">2021-09-27</subfield>
    <subfield code="y">AGE</subfield>
  </datafield>
  <datafield tag="952" ind1=" " ind2=" ">
    <subfield code="0">0</subfield>
    <subfield code="1">0</subfield>
    <subfield code="2">ddc</subfield>
    <subfield code="4">0</subfield>
    <subfield code="6">AGM_OEM_2014_000000000000000_B670_OR</subfield>
    <subfield code="7">0</subfield>
    <subfield code="9">86864</subfield>
    <subfield code="a">LBB</subfield>
    <subfield code="b">LBB</subfield>
    <subfield code="c">B670</subfield>
    <subfield code="d">2021-09-27</subfield>
    <subfield code="o">AGM OEM 2014 B670 Or.</subfield>
    <subfield code="p">A065675</subfield>
    <subfield code="r">2021-09-27</subfield>
    <subfield code="w">2021-09-27</subfield>
    <subfield code="y">AGE</subfield>
  </datafield>
  <datafield tag="952" ind1=" " ind2=" ">
    <subfield code="0">0</subfield>
    <subfield code="1">0</subfield>
    <subfield code="2">ddc</subfield>
    <subfield code="4">0</subfield>
    <subfield code="6">AGM_OEM_2014_000000000000000_B670_OR</subfield>
    <subfield code="7">0</subfield>
    <subfield code="9">86865</subfield>
    <subfield code="a">LBB</subfield>
    <subfield code="b">LBB</subfield>
    <subfield code="c">B670</subfield>
    <subfield code="d">2021-09-27</subfield>
    <subfield code="o">AGM OEM 2014 B670 Or.</subfield>
    <subfield code="p">A065615</subfield>
    <subfield code="r">2021-09-27</subfield>
    <subfield code="w">2021-09-27</subfield>
    <subfield code="y">AGE</subfield>
  </datafield>
  <datafield tag="952" ind1=" " ind2=" ">
    <subfield code="0">0</subfield>
    <subfield code="1">0</subfield>
    <subfield code="2">ddc</subfield>
    <subfield code="4">0</subfield>
    <subfield code="6">AGM_OEM_2014_000000000000000_B670_OR</subfield>
    <subfield code="7">0</subfield>
    <subfield code="9">86866</subfield>
    <subfield code="a">LBB</subfield>
    <subfield code="b">LBB</subfield>
    <subfield code="c">B670</subfield>
    <subfield code="d">2021-09-27</subfield>
    <subfield code="o">AGM OEM 2014 B670 Or.</subfield>
    <subfield code="p">A065810</subfield>
    <subfield code="r">2021-09-27</subfield>
    <subfield code="w">2021-09-27</subfield>
    <subfield code="y">AGE</subfield>
  </datafield>
  <datafield tag="952" ind1=" " ind2=" ">
    <subfield code="0">0</subfield>
    <subfield code="1">0</subfield>
    <subfield code="2">ddc</subfield>
    <subfield code="4">0</subfield>
    <subfield code="6">AGM_OEM_2014_000000000000000_B670_OR</subfield>
    <subfield code="7">0</subfield>
    <subfield code="9">86867</subfield>
    <subfield code="a">LBB</subfield>
    <subfield code="b">LBB</subfield>
    <subfield code="c">B670</subfield>
    <subfield code="d">2021-09-27</subfield>
    <subfield code="o">AGM OEM 2014 B670 Or.</subfield>
    <subfield code="p">A065671</subfield>
    <subfield code="r">2021-09-27</subfield>
    <subfield code="w">2021-09-27</subfield>
    <subfield code="y">AGE</subfield>
  </datafield>
  <datafield tag="952" ind1=" " ind2=" ">
    <subfield code="0">0</subfield>
    <subfield code="1">0</subfield>
    <subfield code="2">ddc</subfield>
    <subfield code="4">0</subfield>
    <subfield code="6">AGM_OEM_2014_000000000000000_B670_OR</subfield>
    <subfield code="7">0</subfield>
    <subfield code="9">86868</subfield>
    <subfield code="a">LBB</subfield>
    <subfield code="b">LBB</subfield>
    <subfield code="c">B670</subfield>
    <subfield code="d">2021-09-27</subfield>
    <subfield code="o">AGM OEM 2014 B670 Or.</subfield>
    <subfield code="p">A065762</subfield>
    <subfield code="r">2021-09-27</subfield>
    <subfield code="w">2021-09-27</subfield>
    <subfield code="y">AGE</subfield>
  </datafield>
</record>
